000 00562nam a2200241Ia 4500
005 20260306150306.0
008 008 260114s9999 xx 000 0 eng d
020 _a9780823293001
037 _aEbook
040 _aCRL
040 _beng
040 _cCRL
041 _2eng
041 _aeng
084 _qCRL
245 4 _aThe Implications of Immanence
260 _bFordham University Press
260 _c2007
650 _aPhilosophy
856 _uhttps://www.degruyter.com/isbn/9780823293001
942 _cEBOOK
999 _c1695451
_d1695451